Loading...
| Philosophy | 0 | 3 | 0 | 1 | 30 | 76 | 80.67 | 0 | 3 | 8.30 | 20.45 |
| Social Science | 0 | 2 | 0 | 1 | 20 | 64 | 93.50 | 0 | 2 | 3.80 | 7.95 |
| Literature - World | 0 | 1 | 0 | 1 | 10 | 135 | 135.00 | 0 | 0 | 0.13 | 1.14 |
| Current Events | 0 | 1 | 0 | 0 | 10 | 107 | 107.00 | 0 | 0 | 3.61 | 4.17 |
| Other Academic | 0 | 1 | 0 | 0 | 10 | 64 | 64.00 | 0 | 0 | 11.32 | 15.63 |
| Fine Arts - Classical Music | 0 | 1 | 0 | 1 | 10 | 114 | 114.00 | 0 | 0 | 0.53 | 1.14 |
| Science - Biology | 0 | 1 | 0 | 1 | 10 | 126 | 126.00 | 0 | 0 | 0.00 | 1.14 |
| Science - Other | 0 | 1 | 0 | 1 | 10 | 118 | 118.00 | 0 | 0 | 0.00 | 3.41 |
| Fine Arts - Other | 0 | 1 | 2 | 0 | 0 | 132 | 132.00 | 0 | 0 | 0.14 | 3.41 |
| Literature - European | 0 | 0 | 1 | 0 | -5 | 0.00 | 0 | 0 | 0.00 | 0.00 | |
| Science - Physics | 0 | 0 | 1 | 0 | -5 | 0.00 | 0 | 0 | 0.00 | 0.00 |